000
00282nam a2200097Ia 4500
082
_a
EF FOST
245
0
_a
Flinx's folly : a Pip & Flinx novel
100
_a
FOSTER, Alan Dean New York, 2003 1st ed
_9
99766
942
_c
BK
008
210817s9999 xx 000 0 und d
999
_c
424758
_d
424757